00476nam a2200193 a 4500001001300000003000900013005001700022008004100039020001000080082001500090100002400105245002200129260003400151300000800185500003500193505001000228650002000238700002400258nice12345678IN_TiNIC20260116012921.0050524s1985 dela grp 000 0 urd  ac10000a297.8bKHA aKhan, M Vaheeduddin aTableeghi Tahreek aDelhibAr-Risala Officec1985 a96p aincludes index and biblioraphy2 aindex aIslam-Movements1 aKhan, M Vaheeduddin